Dark Signs | Sleep Token Lyrics - Statistics

General Stats
  • This quiz has been taken 6 times
  • The average score is 320 of 359
Answer Stats
Answer % Correct
and
100%
And
100%
be
100%
dark
100%
I
100%
(I
100%
if
100%
in
100%
Just
100%
me
100%
me,
100%
my
100%
no
100%
on
100%
see
100%
signs
100%
signs,
100%
the
100%
The
100%
there
100%
time
100%
to
100%
(to
100%
(To
100%
was
100%
we
100%
when
100%
When
100%
Where
100%
where
100%
who
100%
you
100%
your
100%
Alarm
80%
answers?
80%
arms
80%
ask
80%
asking
80%
basic
80%
become
80%
been
80%
bells
80%
black
80%
call,
80%
calm,
80%
close
80%
could
80%
dashboard
80%
days,
80%
didn't
80%
Every
80%
eyes
80%
for
80%
forget
80%
hate
80%
have
80%
headlights
80%
know
80%
left
80%
loved
80%
man
80%
marks
80%
met,
80%
met...
80%
miss
80%
moment
80%
Most
80%
must
80%
need)
80%
need
80%
new
80%
off
80%
oh
80%
oh,
80%
Omens
80%
passing
80%
pitch
80%
raised,
80%
reach
80%
Remain
80%
safety
80%
saw
80%
scars
80%
skies
80%
somebody)
80%
streetlights
80%
Tear
80%
that
80%
up
80%
wake
80%
would
80%
bend
60%
break
60%
won't
60%
No matching quizzes found
Score Distribution
Percent of People with Each Score
Percentile by Number Answered
Your Score History
You have not taken this quiz